000 00549nam a2200181 i 4500
001 57249
003 ES-MaACL
005 20230906163536.0
007 t|
008 031015s1967 sp ||||1| spa d
100 1 _aDixon, Richard N.
_944907
245 1 0 _aEspectroscopia y estructura /
_cRichard N. Dixon ; versión José Manuel Orza Segade.
250 _a[1ª ed.].
260 _aMadrid :
_bAlhambra,
_c[1967]
300 _aVIII, 259 p. :
_bil. ;
_c20 cm.
700 1 _aOrza Segade, José Manuel.
_987711
852 _aES-MaACL
_jC-31622
_bR.61616
999 _c57249
_d57249